| 000 | 00744nam a2200277Ia 4500 | ||
|---|---|---|---|
| 001 | 9737 | ||
| 005 | 20240113234226.0 | ||
| 007 | ta | ||
| 008 | 050728s a g b000 u asm u | ||
| 040 | _aCotton College Assam | ||
| 041 | _aasm | ||
| 082 |
_a891.414109 _bBh 469 As |
||
| 100 | _aBharali, Sailen . | ||
| 245 | 0 |
_aAsamiya Sahityar Oitihashik Upanyas / _cSailen Bharali. _hTextual Documents |
|
| 260 |
_aGuwahati : _bBani Prakash , _cnd. |
||
| 300 |
_a123p. : _bill. ; _c22cm. . |
||
| 653 | _aAssamese Fiction-Criticism | ||
| 653 | _aAssamese Novel-Criticism | ||
| 653 | _aG-Assamese | ||
| 653 | _aMS-Assamese | ||
| 942 |
_2ddc _cBK |
||
| 999 |
_c9724 _d9724 |
||